| 000 | 00809nam a2200229 a 4500 | ||
|---|---|---|---|
| 001 | 000013963 | ||
| 005 | 20240412074240.0 | ||
| 008 | 091202s2006 dr 000 f spa d | ||
| 020 | _z9945053014 | ||
| 040 |
_aDO-SdBNP _bspa _cBNPHU |
||
| 082 |
_aRD863.44 _bH731a |
||
| 100 | 1 |
_aHolguín Veras, Miguel A., _d1927-2007 _913921 |
|
| 245 | 1 | 0 |
_aAsalto y muerte : _bnovela histórica / _cMiguel Holguín Veras. |
| 260 |
_aSanto Domingo : _bYan Impresos, _c2006. |
||
| 300 |
_a198 p. ; _c23 cm. |
||
| 500 | _aIncluye datos biográficos del autor en la contracubierta. | ||
| 590 | _aInventariado, 2020 /LP | ||
| 600 | 1 | 0 |
_aTrujillo Molina, Rafael Leónidas, _d 1891-1961 _976764 |
| 650 | 0 |
_aNovela histórica dominicana. _9860 |
|
| 650 | 0 |
_aLiteratura dominicana. _967 |
|
| 910 | _aValidado. Control de calidad MFF | ||
| 999 |
_c13567 _d13567 |
||